| 000 | 00780nam a2200205 i 4500 | ||
|---|---|---|---|
| 001 | 145099 | ||
| 003 | ES-MaACL | ||
| 005 | 20251003200052.0 | ||
| 007 | t| | ||
| 008 | 070214s1912 sp r ||||1| spa d | ||
| 080 | _a929 Ibarreta, Enrique de | ||
| 100 | 1 |
_aSomonte, Miguel D. _9107279 |
|
| 245 | 1 | 0 |
_aIbarreta, correrías por la América del Sur : _bexploración del río Pilcomayo en Bolivia y Paraguay : exterminio de la expedición / _cMiguel D. Somonte. |
| 260 |
_aSan Esteban de Pravia : _b[s. n.], _c1912 ( _fImp. José Pueyo) |
||
| 300 |
_a174 p. ; _c19 x 12 cm. |
||
| 600 | 1 | 4 |
_aIbarreta, Enrique de, _d1859-1898 _9174379 |
| 651 | 4 |
_aAmérica del Sur- _xDescubrimientos y exploraciones- _xEspañoles. _9158619 |
|
| 852 | 4 |
_aES-MaACL _jA-3206 |
|
| 999 |
_c145099 _d145099 |
||